00388nam a2200145Ia 4500008004100000040001900041041001200060082002800072100001700100245003300117260003600150300002400186650001000210850002200220131103s9999 xx 000 0 und d aLoreto College aEnglish a891.433/BHAbLCBED/7711 aVaradari, S. aGyan ki kahaniyacS.Varadari aVaranasibHindi Pracharakc1967 a32p.b pic.c 22cm. aHindi aLCBED/891.433/BHA